000 00595nam a22001817a 4500
005 20251108172455.0
008 250721s9999 xx 000 0 ara d
082 1 4 _a956/حجا
100 1 _aحجازي، محمد عبد الواحد
245 1 0 _aالثقافة العربية ومستقبل الحضارة /
264 1 _aالاسكندرية :
_bدار الوفاء لدنيا الطباعة والنشر،
300 _a170ص
650 1 7 _aالثقافة العربية
650 1 7 _aالفكر العربي
650 1 7 _aتاريخ العرب
942 _2ddc
_cBK
999 _c80241
_d80241